|
|
|
|
| LEADER |
00000nab a2200000 a 4500 |
| 001 |
vtls001492603 |
| 003 |
SK-MaSNL |
| 005 |
20260304194544.0 |
| 008 |
050207c20050112xo dr|n|||||||000 b|slo |
| 015 |
|
|
|a SNBRB2005/02
|2 snkbucl
|
| 040 |
|
|
|a SNKBUCL
|b slo
|c SNKBUCL
|e AACR2
|
| 041 |
0 |
|
|a slo
|
| 044 |
|
|
|a xo
|c SK
|
| 080 |
|
|
|a 329.051
|x (437.6)
|2 UDC-MRF-SK2
|
| 100 |
0 |
|
|a (rf)
|4 aut
|9 845216
|
| 245 |
1 |
0 |
|a Rusko nebude rozhodovať o SND
|c [autori] (rf, eko)
|
| 300 |
|
|
|b Fotogr.
|
| 610 |
2 |
7 |
|a Slovenské národné divadlo
|2 snkbucl
|9 32458
|
| 610 |
2 |
7 |
|a Koaličná rada (Slovensko)
|2 snkbucl
|9 872631
|
| 648 |
|
7 |
|a 11.1.2005
|2 snkbucl
|9 1453386
|
| 650 |
0 |
7 |
|a zasadanie
|2 snkbucl
|9 280253
|
| 700 |
0 |
|
|a (EKO)
|4 aut
|9 848495
|
| 773 |
0 |
|
|t Sme
|g Roč. 13, č. 8 (12.1.2005), s. 1 a 2
|x 1335-440X
|
| 852 |
|
|
|a SNK
|b KIS3GCP
|
| 999 |
|
|
|c 3074996
|d 3076926
|